Miejscowości, które zostały miastem w 2026 - Statystyki

Ogólne statystyki
  • Ten quiz został rozwiązany 5 razy
  • Średni wynik to 2 z 6
Statystyki odpowiedzi
Miasto % Poprawnych
Janów
100%
Janów Podlaski
67%
Branice
33%
Małkinia Górna
0%
Stanisławów
0%
Staroźreby
0%
Nie znaleziono quizów pasujących do podanych kryteriów
Rozkład punktacji
Procent ludzi z każdym wynikiem
Percentyl według liczby udzielonych odpowiedzi
Twoja historia wyników
Nie rozwiązałeś tego quizu